00571nam a22001577a 4500003001100000005001700011008004100028040003900069041000800108082001500116110004700131245010100178260006800279300001800347650004800365LK-CoMWRAF20240527123638.0240527b2003 |||||||| |||| 00| 0 eng d aLK-CoMWRAFdLK-CoMWRAFeLK-CoMWRAF aeng a926.1bFAC aFaculty of Medicine, Department of surgery aSalutemu virum bonum= let us salute a good man:ba tribute to professor Abdul Haleem Sheriffdeen a[Colombo]:b[Faculty of Medicine, Department of surgery],c2003 a57 p., photos aBIOGRAPHIES-Medical practitioners-Sri Lanka